<?xml version="1.0" encoding="UTF-8"?>
<collection xmlns="http://www.loc.gov/MARC21/slim">
 <record>
  <leader>     na                 </leader>
  <controlfield tag="001">INLIS000000000005142</controlfield>
  <controlfield tag="005">20220617101517</controlfield>
  <datafield tag="035" ind1=" " ind2=" ">
   <subfield code="a">0010-0721000401</subfield>
  </datafield>
  <controlfield tag="008">220617                g          0 ind  </controlfield>
  <datafield tag="245" ind1="1" ind2=" ">
   <subfield code="a">Model Penelitian Fiqh jilid I</subfield>
  </datafield>
  <datafield tag="100" ind1="1" ind2=" ">
   <subfield code="a">Bisri, Cik Hasan</subfield>
  </datafield>
  <datafield tag="250" ind1=" " ind2=" ">
   <subfield code="a">I</subfield>
  </datafield>
  <datafield tag="260" ind1=" " ind2=" ">
   <subfield code="a">Jakarta :</subfield>
   <subfield code="b">Kencana,</subfield>
   <subfield code="c">2003</subfield>
  </datafield>
  <datafield tag="300" ind1=" " ind2=" ">
   <subfield code="a">417 hlm. ;</subfield>
   <subfield code="c">22 cm.</subfield>
  </datafield>
  <datafield tag="020" ind1=" " ind2=" ">
   <subfield code="a">979-3465-09-3</subfield>
  </datafield>
  <datafield tag="084" ind1=" " ind2=" ">
   <subfield code="a">297.407.2 BIS m</subfield>
  </datafield>
  <datafield tag="520" ind1=" " ind2=" ">
   <subfield code="a">MODEL PENELITIAN FIQH JILID I Fiqih merupakan bagian dari entitas kehidupan di dunia Islam dan men jadi salah satu subyek dalam pengkajian Islam, baik di Indonesia maupun di dunia pada umumnya. Oleh karena itu, fiqh dituntut untuk dikembangkan, agar bidang ilmu itu memiliki makna bagi pengembangan ilmu dan pengembangan keahlian dan untuk selanjutnya, dapat dimanfaatkan bagi pengembangan kehidupan manusia, khususnya di dunia Islam. Pengembangan seluruh unsur Ilmu fiqh itu dilakukan dengan cara kerja ilmiah melalui aplikasi berbagai model penelitian, yakni Model Penelitian Fiqh. Buku ini adalah buku terlengkap pertama yang membahas seluk-beluk model penelitian Fiqh di Indonesia. Buku ini mencakup lima belas model penelitian, yang disusun menjadi enam belas bab. Pembahasan tentang kelima belas model penelitian tersebut disusun secara seragam, dimulai penjelasan umum dan konsep dasar yang digunakan. Selanjutnya, secara berturut-turut dibahas tentang fokus penelitian, tujuan clan kegunaan penelitian, tinjauan pustaka dan kerangka berpikir, dan akhirnya, langkah-langkah penelitian. Uraian masing-masing model itu disertai contoh hasil penelitian, baik yang telah diterbitkan maupun yang masih dalam bentuk laporan penelitian. Tak pelak lagi, dengan materi yang demikian lengkapnya maka buku mi wajib dimiliki oleh semua pihak yang bergelut di bidang ilmu fiqh dan dapat dipakai sebagai rujukan bagi semua peneliti ilmu fiqh di tanah air.(libra)</subfield>
  </datafield>
  <datafield tag="082" ind1=" " ind2=" ">
   <subfield code="a">297.407.2</subfield>
  </datafield>
  <datafield tag="650" ind1=" " ind2="4">
   <subfield code="a">Islam</subfield>
  </datafield>
  <datafield tag="650" ind1=" " ind2="4">
   <subfield code="a">Fiqh Penelitian</subfield>
  </datafield>
  <datafield tag="990" ind1=" " ind2=" ">
   <subfield code="a">033059</subfield>
  </datafield>
  <datafield tag="990" ind1=" " ind2=" ">
   <subfield code="a">033056</subfield>
  </datafield>
  <datafield tag="990" ind1=" " ind2=" ">
   <subfield code="a">033057</subfield>
  </datafield>
  <datafield tag="990" ind1=" " ind2=" ">
   <subfield code="a">033058</subfield>
  </datafield>
  <datafield tag="990" ind1=" " ind2=" ">
   <subfield code="a">033060</subfield>
  </datafield>
  <datafield tag="990" ind1=" " ind2=" ">
   <subfield code="a">020980</subfield>
  </datafield>
  <datafield tag="990" ind1=" " ind2=" ">
   <subfield code="a">020982</subfield>
  </datafield>
  <datafield tag="990" ind1=" " ind2=" ">
   <subfield code="a">020983</subfield>
  </datafield>
  <datafield tag="990" ind1=" " ind2=" ">
   <subfield code="a">020984</subfield>
  </datafield>
  <datafield tag="990" ind1=" " ind2=" ">
   <subfield code="a">020981</subfield>
  </datafield>
 </record>
</collection>
